Menová politika ECB v pokrízovom období bakalárska práca

Salvato in:
Dettagli Bibliografici
Autore principale: Nemec, Peter
Ente Autore: Národohospodárska fakulta EU. Katedra ekonómie
Altri autori: Gonda, Vladimír
Natura: Libro
Lingua:slovacco
Pubblicazione: Bratislava 2019
Tags: Aggiungi Tag
Nessun Tag, puoi essere il primo ad aggiungerne!!

MARC

LEADER 00000nbm a2200000 4500
001 0275049
005 20220401135044.9
041 0 |a slo 
044 |a SK 
245 1 0 |a Menová politika ECB v pokrízovom období  |b bakalárska práca  |c Peter Nemec ; školiteľ: Vladimír Gonda 
264 1 |a Bratislava  |c 2019 
300 |a 44 s. 
100 1 |a Nemec, Peter 
700 1 |a Gonda, Vladimír 
710 2 |a Národohospodárska fakulta EU. Katedra ekonómie